00502nam a2200193 a 4500001001300000003000900013005001700022008004100039020001000080082001600090100002600106245002200132260003300154300000900187500003500196505001600231650003500247700002600282nice12345678IN_TiNIC20260116011334.0050524s1899 teha grp 000 0 per  ac10000a891.51bAUH aAuhadi, Sk Auhaduddin aJaam-E-Jam Auhadi aTehranbFirdoosi Pressc1899 a264p aincludes index and biblioraphy2 aIndex, 145p aPersian Poetry-Hairat Badayuni1 aAuhadi, Sk Auhaduddin